| 000 | 00377nam a22001337a 4500 | ||
|---|---|---|---|
| 008 | 230704b xxu||||| |||| 00| 0 eng d | ||
| 082 |
_a341.24 _bEAC |
||
| 110 | _bEast African Community | ||
| 245 |
_aProceedings of the East African Legislative Assembly Debates _bOfficial report _cVolume 2 _hNo 1 |
||
| 260 |
_bEAC _c1969 |
||
| 300 | _a851p | ||
| 440 |
_v2 _n1 |
||
| 942 |
_2ddc _cBK |
||
| 999 |
_c3847 _d3847 |
||